[Event "ENCI Limburg-open A"]
[Site "Maastricht"]
[Date "2008.05.10"]
[Round "2"]
[White "Kodentsov, Grisja"]
[Black "Haverkamp, Klaus"]
[Result "1-0"]
[WhiteElo "2275"]
[BlackElo "2018"]
[PlyCount "103"]
[EventDate "2008.05.09"]
[EventType "swiss"]
[EventRounds "7"]
[EventCountry "NED"]
[Source "P.Boonen"]
[SourceDate "2010.01.01"]

1. e4 e5 2. Nf3 Nc6 3. Bb5 a6 4. Ba4 Nf6 5. O-O Be7 6. Re1 b5 7. Bb3 Bb7 8. c3
O-O 9. d4 d6 10. h3 Re8 11. Nbd2 Bf8 12. a4 g6 13. Bc2 h6 14. d5 Nb8 15. b3
Nbd7 16. c4 c6 17. Nf1 b4 18. a5 c5 19. g4 Kg7 20. Ng3 Be7 21. Be3 Rh8 22. Qd2
Ng8 23. Kg2 Kf8 24. h4 Ke8 25. g5 h5 26. Nh2 Rh7 27. f4 f6 28. f5 Nf8 29. Bd1
Kd7 30. Nxh5 Qe8 31. Ng3 Rxh4 32. Nf3 Rh7 33. Be2 Bc8 34. Rh1 Qf7 35. Rad1 Bd8
36. Rxh7 Qxh7 37. Rh1 Qg7 38. Nh4 fxg5 39. Nxg6 Nxg6 40. fxg6 Qxg6 41. Bh5 Qf6
42. Rf1 Qh8 43. Rf7+ Be7 44. Bxg5 Kd8 45. Rf8+ Kd7 46. Bxe7 Bb7 47. Bf6 Qh6 48.
Rf7+ Kc8 49. Qxh6 Nxh6 50. Rg7 Kb8 51. Bg5 Ka7 52. Bxh6 1-0

[Event "ENCI Limburg-open A"]
[Site "Maastricht"]
[Date "2008.05.10"]
[Round "2"]
[White "Konijn, Bart"]
[Black "Skrijelj, Redzep"]
[Result "1-0"]
[WhiteElo "2236"]
[BlackElo "2006"]
[PlyCount "57"]
[EventDate "2008.05.09"]
[EventType "swiss"]
[EventRounds "7"]
[EventCountry "NED"]
[Source "P.Boonen"]
[SourceDate "2010.01.01"]

1. e4 c5 2. Nf3 d6 3. d4 cxd4 4. Nxd4 Nf6 5. Nc3 a6 6. Bg5 e6 7. f4 Be7 8. Qf3
Qc7 9. O-O-O Nbd7 10. Bd3 b5 11. Rhe1 Bb7 12. a3 Nc5 13. Bxf6 Bxf6 14. Bxb5+
axb5 15. Ndxb5 Qb8 16. Nxd6+ Kf8 17. Qh5 Qc7 18. Ncb5 Qd7 19. Qxc5 Be7 20. Qh5
Bxd6 21. Rxd6 Qe7 22. Red1 Rc8 23. Qe5 Qh4 24. g3 Qf6 25. Rd7 Qxe5 26. fxe5 Bc6
27. Rd8+ Ke7 28. Rxc8 Rxc8 29. Na7 1-0

[Event "ENCI Limburg-open A"]
[Site "Maastricht"]
[Date "2008.05.10"]
[Round "2"]
[White "Konijn, Rob"]
[Black "Boulan, Laura"]
[Result "1-0"]
[WhiteElo "2124"]
[BlackElo "1921"]
[PlyCount "39"]
[EventDate "2008.05.09"]
[EventType "swiss"]
[EventRounds "7"]
[EventCountry "NED"]
[Source "P.Boonen"]
[SourceDate "2010.01.01"]

1. e4 d6 2. d4 e5 3. Bc4 exd4 4. Qxd4 Nc6 5. Qe3 Nf6 6. Nc3 Be7 7. f3 O-O 8.
Bd2 Ne5 9. Bb3 c6 10. O-O-O b5 11. f4 Neg4 12. Qf3 a5 13. a4 Qb6 14. h3 b4 15.
Nce2 Nh6 16. g4 Nhxg4 17. hxg4 Bxg4 18. Qg2 Qc5 19. Nh3 h6 20. Rdg1 1-0

[Event "ENCI Limburg-open A"]
[Site "Maastricht"]
[Date "2008.05.10"]
[Round "2"]
[White "Konings, Frans"]
[Black "Luther, Thomas"]
[Result "1/2-1/2"]
[WhiteElo "2262"]
[BlackElo "2539"]
[PlyCount "315"]
[EventDate "2008.05.09"]
[EventType "swiss"]
[EventRounds "7"]
[EventCountry "NED"]
[Source "P.Boonen"]
[SourceDate "2010.01.01"]

1. d4 d5 2. c4 e6 3. Nc3 Bb4 4. cxd5 exd5 5. Nf3 Ne7 6. g3 c6 7. Bg2 O-O 8. O-O
Nd7 9. Qb3 Bd6 10. e4 dxe4 11. Ng5 Nf6 12. Ngxe4 Nxe4 13. Nxe4 a5 14. Nxd6 Qxd6
15. Bf4 Qd8 16. Bg5 a4 17. Qc4 Be6 18. Qb4 f6 19. Rfe1 Qd7 20. Bd2 Nd5 21. Qc5
Rfe8 22. h4 Bh3 23. Be4 Bf5 24. Bf3 Bd3 25. Bh5 Bg6 26. Bf3 Qf5 27. Bxd5+ cxd5
28. Rxe8+ Rxe8 29. Re1 Rxe1+ 30. Bxe1 h6 31. Qc3 Bh5 32. a3 Bf3 33. Qe3 Kf7 34.
Kh2 g5 35. Bb4 Be4 36. f3 Qxf3 37. Qxf3 Bxf3 38. hxg5 fxg5 39. Kg1 Kg6 40. Kf2
Bg4 41. Bd6 Kf5 42. Ke3 Bd1 43. Bc7 h5 44. Bd6 Kg4 45. Kf2 Bc2 46. Bc7 Bg6 47.
Bd6 Kf5 48. Ke3 Ke6 49. Bc7 Be4 50. Bd8 Kf5 51. Bc7 h4 52. gxh4 gxh4 53. Bd6
Ke6 54. Bh2 Bh7 55. Kf4 h3 56. Bg3 Be4 57. Bh2 Bg2 58. Bg3 Kd7 59. Ke3 Kc6 60.
Kd2 Bf1 61. Bh2 Bg2 62. Bg3 Be4 63. Bh2 Bf5 64. Bg3 Bc8 65. Bh2 Kd7 66. Ke3 Ke6
67. Kf4 Kd6 68. Ke3+ Kd7 69. Bg3 Ke6 70. Kf4 Kf6 71. Bh2 Ke7 72. Bg3 Kd6 73.
Ke3+ Kd7 74. Bh2 Ke8 75. Kf4 Be6 76. Bg3 Kd7 77. Ke3 Bf5 78. Bh2 Bh7 79. Bg3
Ke6 80. Kf4 Kd6 81. Ke3+ Kd7 82. Bh2 Be4 83. Bg3 Kc6 84. Kd2 Bg2 85. Bh2 Kd7
86. Ke3 Ke6 87. Kf4 Kf7 88. Bg3 b6 89. Bh2 Ke6 90. Bg3 Kd7 91. Ke3 Kc8 92. Bh2
Kb7 93. Kd2 Kc6 94. Bg3 Kd7 95. Ke3 Bh1 96. Bh2 Ke6 97. Kf4 Bg2 98. Bg3 Kd6 99.
Ke3+ Kd7 100. Bh2 Bf1 101. Bg3 Ba6 102. Bh2 Kc6 103. Kd2 Bc8 104. Bg3 Bg4 105.
Bh2 Kd7 106. Ke3 Bf5 107. Bg3 Be4 108. Bh2 Kc8 109. Bg3 Kb7 110. Bh2 Ka6 111.
Kd2 Ka5 112. Bg3 Ka6 113. Bh2 Kb7 114. Bg3 Bf5 115. Bh2 Kc6 116. Bg3 Bg6 117.
Bh2 Kd7 118. Ke3 Ke6 119. Kf4 Bh7 120. Bg3 Bg8 121. Bh2 Bf7 122. Bg3 Be8 123.
Bh2 Kd6 124. Ke3+ Kd7 125. Bg3 Bg6 126. Bh2 Kc6 127. Kd2 Bh5 128. Bg3 Bf3 129.
Bh2 Be4 130. Bg3 Kd7 131. Ke3 Kc8 132. Bh2 Kb7 133. Kd2 Kc6 134. Bg3 Kd7 135.
Ke3 Ke6 136. Kf4 Kf7 137. Bh2 Kg6 138. Bg3 Kh5 139. Bh2 Bg2 140. Bg3 Kg6 141.
Bh2 Kf6 142. Bg3 Ke6 143. Bh2 Kd7 144. Ke3 Be4 145. Bg3 Kc6 146. Kd2 Bf5 147.
Bh2 Bc8 148. Bg3 Kd7 149. Ke3 Ke6 150. Kf4 Ba6 151. Bh2 Bf1 152. Bg3 Kd6 153.
Ke3+ Kd7 154. Bh2 Kc6 155. Kd2 Kb7 156. Bg3 Ka6 157. Bh2 Kb5 158. Kc3 1/2-1/2

[Event "ENCI Limburg-open A"]
[Site "Maastricht"]
[Date "2008.05.10"]
[Round "2"]
[White "Kruijf, Caspar"]
[Black "Richter, Gera"]
[Result "0-1"]
[WhiteElo "1925"]
[BlackElo "2150"]
[PlyCount "124"]
[EventDate "2008.05.09"]
[EventType "swiss"]
[EventRounds "7"]
[EventCountry "NED"]
[Source "P.Boonen"]
[SourceDate "2010.01.01"]

1. e4 c5 2. Nc3 a6 3. f4 Nc6 4. Nf3 g6 5. g3 Bg7 6. Bg2 e6 7. d3 Nge7 8. Be3 d6
9. Qd2 Nd4 10. Nd1 f5 11. c3 Ndc6 12. O-O O-O 13. Bf2 b6 14. Ne3 Ra7 15. exf5
exf5 16. Nc2 h6 17. Rad1 Kh7 18. Rfe1 Qc7 19. d4 Ng8 20. dxc5 dxc5 21. Qd6 Rd8
22. Qxc7 Rxc7 23. Rxd8 Nxd8 24. Rd1 Nf7 25. Ne3 Nf6 26. Nd5 Nxd5 27. Rxd5 Be6
28. Rd1 Bxa2 29. Bf1 a5 30. Bb5 Bb3 31. Rd3 Bc2 32. Rd2 Be4 33. Ne1 Bf8 34. Nc2
Nd6 35. Bf1 Kg7 36. Na3 Kf7 37. Nb5 Nxb5 38. Bxb5 Be7 39. Be3 Kf6 40. h4 h5 41.
Kf2 Bc6 42. Be2 Rd7 43. Ke1 Rxd2 44. Kxd2 b5 45. Kc1 a4 46. Kb1 Ke6 47. Ka2 Kd7
48. Bd1 Bd5+ 49. Kb1 Kc6 50. Bf2 Kb6 51. Be1 Be4+ 52. Ka2 Ka5 53. Be2 Kb6 54.
Bf2 Bd5+ 55. Kb1 Ka5 56. Be1 Bb3 57. c4+ b4 58. Bd2 Bf6 59. Be1 Kb6 60. Bd2 Bd4
61. Be1 a3 62. Bd3 Bxb2 0-1

[Event "ENCI Limburg-open A"]
[Site "Maastricht"]
[Date "2008.05.10"]
[Round "2"]
[White "Laarhoven, Thijs"]
[Black "Wlogalski, Olivier"]
[Result "1-0"]
[WhiteElo "2193"]
[BlackElo "1948"]
[PlyCount "93"]
[EventDate "2008.05.09"]
[EventType "swiss"]
[EventRounds "7"]
[EventCountry "NED"]
[Source "P.Boonen"]
[SourceDate "2010.01.01"]

1. f4 d5 2. Nf3 Bg4 3. e3 Nf6 4. b3 Nbd7 5. Bb2 c6 6. h3 Bxf3 7. Qxf3 Qc7 8.
Be2 e5 9. fxe5 Nxe5 10. Qf5 Bd6 11. Nc3 O-O 12. O-O-O Rae8 13. g4 Ng6 14. h4
Qd7 15. Nxd5 Qxf5 16. gxf5 Nxd5 17. fxg6 fxg6 18. Bc4 Kh8 19. Rdg1 Be5 20. Bxd5
Bxb2+ 21. Kxb2 cxd5 22. Rg4 Re4 23. Rhg1 Rf5 24. Kc3 Re6 25. Kd3 Kg8 26. Ra4 a6
27. Rb4 b5 28. a4 bxa4 29. Rxa4 Kf7 30. Rga1 Rff6 31. Rd4 Rd6 32. Ra5 Rf5 33.
Rda4 Rff6 34. c3 h6 35. Rd4 Rf5 36. Rda4 Rff6 37. Ke2 g5 38. hxg5 hxg5 39. c4
dxc4 40. bxc4 Kg6 41. c5 Rde6 42. d4 Kh5 43. d5 Re5 44. c6 Rf8 45. d6 Re6 46.
Rd5 Rfe8 47. Ra3 1-0

[Event "ENCI Limburg-open A"]
[Site "Maastricht"]
[Date "2008.05.10"]
[Round "2"]
[White "Lafosse, Jimmy"]
[Black "Coenen, Eduard"]
[Result "1/2-1/2"]
[WhiteElo "1956"]
[BlackElo "2161"]
[PlyCount "128"]
[EventDate "2008.05.09"]
[EventType "swiss"]
[EventRounds "7"]
[EventCountry "NED"]
[Source "P.Boonen"]
[SourceDate "2010.01.01"]

1. Nf3 d5 2. c4 c6 3. d4 Bf5 4. Qb3 Qb6 5. c5 Qxb3 6. axb3 Nd7 7. Bf4 Bxb1 8.
Rxb1 Ngf6 9. b4 h6 10. h4 g6 11. e3 a6 12. Ra1 Rc8 13. Bd3 Bg7 14. Ke2 Ng4 15.
h5 g5 16. Bg3 e6 17. Nd2 f5 18. f3 Nxe3 19. Kxe3 f4+ 20. Ke2 fxg3 21. Bg6+ Ke7
22. Kd3 Nf8 23. Rh3 Nxg6 24. hxg6 Rcf8 25. Nb3 Rf4 26. Rxg3 Kf6 27. Rg4 Rxg4
28. fxg4 Re8 29. Re1 Kxg6 30. Nd2 e5 31. dxe5 Rxe5 32. Rxe5 Bxe5 33. Nb3 Bc7
34. Nd4 Kf6 35. Kd2 a5 36. b5 Ke5 37. b6 Bxb6 38. Nf3+ Kf4 39. cxb6 Kxg4 40.
Ne5+ Kg3 41. Nxc6 Kxg2 42. Nxa5 h5 43. Nxb7 h4 44. Nc5 h3 45. b7 h2 46. b8=Q
h1=Q 47. Qe5 Qh4 48. Nd3 d4 49. Qe2+ Kg1 50. Qe1+ Kg2 51. Qxh4 gxh4 52. Ke2 Kg3
53. Nf2 Kf4 54. Kd3 Kf3 55. Ne4 Kf4 56. Nf2 Kf3 57. Nh3 Kg3 58. Ng5 Kg4 59. Ne4
Kf4 60. Nf2 Kf3 61. Nh3 Kg3 62. Ng5 Kf2 63. Nh3+ Kg3 64. Ng5 Kg4 1/2-1/2

[Event "ENCI Limburg-open A"]
[Site "Maastricht"]
[Date "2008.05.10"]
[Round "2"]
[White "Lammens, Tim"]
[Black "Beijerinck, Nick"]
[Result "1/2-1/2"]
[WhiteElo "2294"]
[BlackElo "2023"]
[PlyCount "84"]
[EventDate "2008.05.09"]
[EventType "swiss"]
[EventRounds "7"]
[EventCountry "NED"]
[Source "P.Boonen"]
[SourceDate "2010.01.01"]

1. c4 Nf6 2. Nc3 g6 3. g3 Bg7 4. Bg2 O-O 5. e4 d6 6. Nge2 e5 7. O-O Be6 8. d3
c6 9. h3 d5 10. exd5 cxd5 11. Bg5 Qd7 12. Bxf6 Bxf6 13. Nxd5 Bxd5 14. cxd5 Na6
15. Rc1 Qb5 16. Qb3 Qxb3 17. axb3 Nb4 18. Rc7 Rfc8 19. Rfc1 Rxc7 20. Rxc7 Bd8
21. Rxb7 Bb6 22. Nc3 Nxd3 23. Ne4 Rf8 24. d6 f5 25. Ng5 e4 26. Ne6 Bxf2+ 27.
Kh2 Nc5 28. Rg7+ Kh8 29. Nxf8 Kxg7 30. d7 Nxd7 31. Nxd7 Bd4 32. Nb8 Kf6 33. Nc6
Bb6 34. g4 Bc7+ 35. Kg1 Kg5 36. gxf5 gxf5 37. Ne7 Be5 38. Kf1 Bxb2 39. Ke2 Kf4
40. Bh1 Ba3 41. Nd5+ Kg3 42. Ne3 Kh2 1/2-1/2

[Event "ENCI Limburg-open A"]
[Site "Maastricht"]
[Date "2008.05.10"]
[Round "2"]
[White "Leenaerts, Robin"]
[Black "Smith, Thijmen"]
[Result "1-0"]
[WhiteElo "2153"]
[BlackElo "1934"]
[PlyCount "73"]
[EventDate "2008.05.09"]
[EventType "swiss"]
[EventRounds "7"]
[EventCountry "NED"]
[Source "P.Boonen"]
[SourceDate "2010.01.01"]

1. e4 c5 2. Nf3 Nc6 3. d4 cxd4 4. Nxd4 Nf6 5. Nc3 e5 6. Ndb5 d6 7. Nd5 Nxd5 8.
exd5 Nb8 9. c4 Be7 10. Bd3 O-O 11. O-O f5 12. f4 a6 13. Nc3 e4 14. Bc2 Qc7 15.
Qe2 Bf6 16. Be3 Nd7 17. Rac1 Nc5 18. Qd2 Nd7 19. b3 b5 20. Ne2 bxc4 21. Bd1 c3
22. Nxc3 Qd8 23. b4 Bb7 24. Bb3 Nb6 25. Ne2 Kh8 26. Nd4 Bxd4 27. Bxd4 Nxd5 28.
Bxd5 Bxd5 29. Bxg7+ Kxg7 30. Qxd5 Qb6+ 31. Kh1 Qxb4 32. Rc7+ Kg6 33. g4 Qb5 34.
gxf5+ Rxf5 35. Rg1+ Kh6 36. Qe6+ Kh5 37. Rxh7# 1-0

[Event "ENCI Limburg-open A"]
[Site "Maastricht"]
[Date "2008.05.10"]
[Round "2"]
[White "Lehaen, Frank"]
[Black "Miesen, Fabian"]
[Result "0-1"]
[WhiteElo "1931"]
[BlackElo "2165"]
[PlyCount "128"]
[EventDate "2008.05.09"]
[EventType "swiss"]
[EventRounds "7"]
[EventCountry "NED"]
[Source "P.Boonen"]
[SourceDate "2010.01.01"]

1. d4 d5 2. Nf3 Nc6 3. e3 Bg4 4. Nbd2 e5 5. dxe5 Nxe5 6. Be2 Nxf3+ 7. Bxf3 Bxf3
8. Nxf3 Be7 9. O-O Bf6 10. c4 dxc4 11. Qa4+ c6 12. Qxc4 Qc7 13. Rb1 Ne7 14. Bd2
O-O 15. Bc3 Bxc3 16. Qxc3 Nd5 17. Qc2 Qe7 18. a3 Rad8 19. b4 Rd7 20. Rfd1 Rfd8
21. Qb3 Qf6 22. Rd4 Nc7 23. Rxd7 Rxd7 24. Nd4 Rd5 25. Rc1 Qd6 26. h3 g6 27. Qc2
Ne6 28. Nf3 Rd3 29. Qb2 Rd5 30. Qc2 Qd7 31. Qb2 b6 32. Ne5 Qd6 33. Ng4 Rd1+ 34.
Rxd1 Qxd1+ 35. Kh2 Qd6+ 36. g3 h5 37. Nh6+ Kf8 38. Qf6 Qc7 39. f4 Ng7 40. g4
hxg4 41. Nxg4 c5 42. Ne5 Kg8 43. bxc5 bxc5 44. Nc4 Qd7 45. Nd6 Ne8 46. Nxe8
Qxe8 47. Qc3 Qb5 48. Kg3 c4 49. Qd4 Qc6 50. Qd8+ Kh7 51. Qe7 Kg7 52. Qe5+ Kh7
53. Qe7 Qd5 54. e4 Qd3+ 55. Kg4 Qe2+ 56. Kg5 Qh5+ 57. Kf6 Qh4+ 58. Kxf7 Qxe7+
59. Kxe7 c3 60. f5 gxf5 61. exf5 c2 62. f6 c1=Q 63. f7 Qxa3+ 64. Ke8 Kg7 0-1

[Event "ENCI Limburg-open A"]
[Site "Maastricht"]
[Date "2008.05.10"]
[Round "2"]
[White "Lenhardt, Manfred"]
[Black "Memarian, Milad"]
[Result "1/2-1/2"]
[WhiteElo "2156"]
[BlackElo "1939"]
[PlyCount "80"]
[EventDate "2008.05.09"]
[EventType "swiss"]
[EventRounds "7"]
[EventCountry "NED"]
[Source "P.Boonen"]
[SourceDate "2010.01.01"]

1. d4 c5 2. e3 e6 3. Nf3 Nf6 4. Be2 d5 5. O-O Nc6 6. Nbd2 Bd6 7. a3 b6 8. c4
O-O 9. b3 Bb7 10. Bb2 Rc8 11. Ra2 cxd4 12. Nxd4 Nxd4 13. Bxd4 Qe7 14. Qa1 e5
15. Bb2 Rfd8 16. a4 d4 17. exd4 exd4 18. Bf3 Bc5 19. Bxb7 Qxb7 20. Nf3 Qe4 21.
Rd1 Qc2 22. Nd2 Qd3 23. Ba3 Ng4 24. Qb1 Ne5 25. Ne4 Qxb1 26. Rxb1 f5 27. Nd2 a5
28. Bxc5 bxc5 29. Re1 Re8 30. h3 Nd3 31. Rxe8+ Rxe8 32. Nf3 Rb8 33. Nd2 g5 34.
Kf1 g4 35. hxg4 fxg4 36. Ra1 Rf8 37. f3 Ne5 38. Kf2 h5 39. Rh1 Nd3+ 40. Kg3
gxf3 1/2-1/2

[Event "ENCI Limburg-open A"]
[Site "Maastricht"]
[Date "2008.05.10"]
[Round "2"]
[White "Lentjes, Noud"]
[Black "Wallace, Mitchel"]
[Result "0-1"]
[WhiteElo "1899"]
[BlackElo "1773"]
[PlyCount "72"]
[EventDate "2008.05.09"]
[EventType "swiss"]
[EventRounds "7"]
[EventCountry "NED"]
[Source "P.Boonen"]
[SourceDate "2010.01.01"]

1. e4 d6 2. d4 Nf6 3. Bd3 e5 4. Nf3 Nbd7 5. O-O Be7 6. dxe5 dxe5 7. Nc3 c6 8.
Bg5 Qc7 9. Qe2 h6 10. Bh4 g5 11. Bg3 Nh5 12. Nxe5 Nxg3 13. fxg3 Nxe5 14. Bc4
Nxc4 15. Qxc4 Be6 16. Qe2 O-O-O 17. Rad1 Rxd1 18. Rxd1 Rd8 19. Rf1 Qb6+ 20. Kh1
Qxb2 21. Qe3 Bb4 22. Na4 Qd4 23. Qxd4 Rxd4 24. c3 Rxe4 25. cxb4 Rxb4 26. Nc3
Rb2 27. h3 Rc2 28. Rf3 b5 29. a3 a5 30. Rd3 b4 31. axb4 axb4 32. Nd1 b3 33. h4
b2 34. Nxb2 Rxb2 35. h5 Bd5 36. g4 Rxg2 0-1

[Event "ENCI Limburg-open A"]
[Site "Maastricht"]
[Date "2008.05.10"]
[Round "2"]
[White "Lukman, Ronny"]
[Black "Klimov, Sergey"]
[Result "0-1"]
[WhiteElo "2228"]
[BlackElo "2484"]
[PlyCount "80"]
[EventDate "2008.05.09"]
[EventType "swiss"]
[EventRounds "7"]
[EventCountry "NED"]
[Source "P.Boonen"]
[SourceDate "2010.01.01"]

1. Nf3 Nf6 2. c4 g6 3. Nc3 Bg7 4. e4 d6 5. d4 O-O 6. Be2 Na6 7. Bg5 h6 8. Bf4
e5 9. dxe5 Nh5 10. Be3 dxe5 11. Qc1 Kh7 12. O-O c6 13. Rd1 Qe7 14. c5 Nc7 15.
Rd6 Ne8 16. Rd1 Nf4 17. Bf1 Bg4 18. Ne2 Nh3+ 19. Kh1 Qf6 20. Neg1 Nxg1 21. Kxg1
Bxf3 22. gxf3 Qxf3 23. Bg2 Qg4 24. Qc4 Nf6 25. f3 Qc8 26. Rd2 Qc7 27. Rad1 Rae8
28. Bh3 Re7 29. b4 Rfe8 30. Bf2 Nh5 31. Rd7 Qb8 32. Rxe7 Rxe7 33. Rd7 Rxd7 34.
Bxd7 Kg8 35. b5 Qd8 36. bxc6 bxc6 37. Bxc6 Qd1+ 38. Qf1 Qxf3 39. Qg2 Qc3 40.
Bd5 Nf4 0-1

[Event "ENCI Limburg-open A"]
[Site "Maastricht"]
[Date "2008.05.10"]
[Round "2"]
[White "Maassen van den Brink, Koen"]
[Black "Van der Zwet, Bart"]
[Result "0-1"]
[WhiteElo "1818"]
[BlackElo "2057"]
[PlyCount "80"]
[EventDate "2008.05.09"]
[EventType "swiss"]
[EventRounds "7"]
[EventCountry "NED"]
[Source "P.Boonen"]
[SourceDate "2010.01.01"]

1. c4 e5 2. Nc3 Nc6 3. Nf3 Bc5 4. d3 Nf6 5. Bg5 h6 6. Bxf6 Qxf6 7. a3 a5 8. g3
b6 9. Bg2 Bb7 10. Nd5 Qd6 11. Nd2 f5 12. O-O O-O 13. Nb3 Nd4 14. Nxc5 bxc5 15.
e3 Ne6 16. Qd2 c6 17. Nc3 f4 18. Qe2 Rf7 19. Rae1 Raf8 20. f3 g6 21. Ne4 Qe7
22. Bh3 Ng7 23. exf4 exf4 24. Qf2 fxg3 25. Qxg3 Nh5 26. Qd6 Nf4 27. Bg2 Qh4 28.
Re3 Bc8 29. Ng3 Rf6 30. Qxc5 Nxg2 31. Kxg2 d6 32. Qxc6 Bh3+ 33. Kg1 Bxf1 34.
Qd5+ Kg7 35. Nxf1 R8f7 36. Ng3 Qf4 37. Qe4 Qxe4 38. fxe4 Rf3 39. Rxf3 Rxf3 40.
d4 Rb3 0-1

[Event "ENCI Limburg-open A"]
[Site "Maastricht"]
[Date "2008.05.10"]
[Round "2"]
[White "Magnussen, Helge"]
[Black "Breest, Axel"]
[Result "1-0"]
[WhiteElo "2039"]
[BlackElo "1860"]
[PlyCount "57"]
[EventDate "2008.05.09"]
[EventType "swiss"]
[EventRounds "7"]
[EventCountry "NED"]
[Source "P.Boonen"]
[SourceDate "2010.01.01"]

1. d4 e5 2. dxe5 Nc6 3. Nf3 Qe7 4. Qd5 f6 5. exf6 Nxf6 6. Qb3 d5 7. Bg5 Bd7 8.
e3 O-O-O 9. Be2 h6 10. Bxf6 Qxf6 11. c3 Qg6 12. Nbd2 Be6 13. Qa4 Bd7 14. O-O
Kb8 15. Qb3 Bc8 16. Nd4 Ne5 17. f4 Ng4 18. f5 Qg5 19. Bxg4 Rd6 20. Rf4 Rb6 21.
Qxd5 Bd6 22. Ne4 Qe7 23. Rf3 Rd8 24. Nxd6 Rbxd6 25. Qb3 c5 26. Ne6 c4 27. Qxc4
Rd1+ 28. Rf1 Bxe6 29. fxe6 1-0

[Event "ENCI Limburg-open A"]
[Site "Maastricht"]
[Date "2008.05.10"]
[Round "2"]
[White "Memeti, Kastriot"]
[Black "Hazenberg, Frans"]
[Result "1-0"]
[WhiteElo "2173"]
[BlackElo "1986"]
[PlyCount "69"]
[EventDate "2008.05.09"]
[EventType "swiss"]
[EventRounds "7"]
[EventCountry "NED"]
[Source "P.Boonen"]
[SourceDate "2010.01.01"]

1. d4 Nf6 2. Nf3 e6 3. Bf4 b6 4. e3 Bb7 5. Bd3 Ne4 6. Nbd2 Nxd2 7. Qxd2 f5 8.
Qe2 d6 9. e4 fxe4 10. Bxe4 Ba6 11. Qe3 d5 12. Bf5 Bc8 13. Bxe6 Bxe6 14. Qxe6+
Be7 15. O-O-O Rf8 16. Bg5 Qd7 17. Rde1 Nc6 18. Qxc6 Qxc6 19. Rxe7+ Kd8 20. Re6+
Kd7 21. Rxc6 Kxc6 22. Ne5+ Kb7 23. Nd3 h6 24. Bf4 Rae8 25. Be5 Rf7 26. f4 g5
27. Rf1 Ref8 28. Kd2 Kc8 29. g4 gxf4 30. Rxf4 Rxf4 31. Nxf4 c6 32. Ke3 Rf7 33.
h4 Kd7 34. g5 hxg5 35. hxg5 1-0

[Event "ENCI Limburg-open A"]
[Site "Maastricht"]
[Date "2008.05.10"]
[Round "2"]
[White "Merx, Bob"]
[Black "Goossens, Hanne"]
[Result "0-1"]
[WhiteElo "2106"]
[BlackElo "1909"]
[PlyCount "40"]
[EventDate "2008.05.09"]
[EventType "swiss"]
[EventRounds "7"]
[EventCountry "NED"]
[Source "P.Boonen"]
[SourceDate "2010.01.01"]

1. e4 c5 2. Nc3 Nc6 3. f4 g6 4. Nf3 Bg7 5. Bc4 e6 6. O-O Nge7 7. Qe1 O-O 8. d3
d5 9. Bb3 b6 10. a4 Bb7 11. Qh4 Nd4 12. f5 exf5 13. Bg5 f6 14. Bd2 Nxb3 15.
cxb3 fxe4 16. dxe4 dxe4 17. Nxe4 Nf5 18. Qf4 Bh6 19. Qg4 Bxe4 20. Qxe4 Bxd2 0-1

[Event "ENCI Limburg-open A"]
[Site "Maastricht"]
[Date "2008.05.10"]
[Round "2"]
[White "Michalczak, Thomas"]
[Black "Voss, Her"]
[Result "1-0"]
[WhiteElo "2329"]
[BlackElo "2046"]
[PlyCount "83"]
[EventDate "2008.05.09"]
[EventType "swiss"]
[EventRounds "7"]
[EventCountry "NED"]
[Source "P.Boonen"]
[SourceDate "2010.01.01"]

1. e4 c5 2. c3 d5 3. exd5 Qxd5 4. Nf3 Nf6 5. d4 Bg4 6. Nbd2 cxd4 7. Bc4 Qd6 8.
Qb3 Be6 9. Bxe6 Qxe6+ 10. Qxe6 fxe6 11. Nxd4 e5 12. N4f3 Nc6 13. O-O g6 14. Re1
Nd7 15. Ne4 h6 16. Be3 b6 17. Rad1 O-O-O 18. b4 g5 19. a4 Bg7 20. Nfd2 Nf6 21.
f3 Nd5 22. Nc4 Nxe3 23. Nxe3 Rxd1 24. Rxd1 Rd8 25. Rxd8+ Kxd8 26. Kf2 e6 27.
Kg3 Ne7 28. Kg4 Nd5 29. Nc4 Ke7 30. g3 Kd7 31. Kh5 Ne7 32. Ne3 Ke8 33. Nd6+ Kf8
34. Ne4 Kf7 35. Nc4 Ke8 36. Ncd6+ Kf8 37. b5 Kg8 38. Nb7 Nd5 39. Nd8 Nc7 40.
Kg6 Kf8 41. Nf7 Nd5 42. Nxh6 1-0

[Event "ENCI Limburg-open A"]
[Site "Maastricht"]
[Date "2008.05.10"]
[Round "2"]
[White "Michielsen, Joost"]
[Black "Kotronias, Vasilios"]
[Result "1/2-1/2"]
[WhiteElo "2326"]
[BlackElo "2611"]
[PlyCount "91"]
[EventDate "2008.05.09"]
[EventType "swiss"]
[EventRounds "7"]
[EventCountry "NED"]
[Source "P.Boonen"]
[SourceDate "2010.01.01"]

1. e4 c5 2. Nf3 Nc6 3. Nc3 d6 4. d4 cxd4 5. Nxd4 Nf6 6. Bg5 e6 7. Qd2 Be7 8.
O-O-O a6 9. f4 Nxd4 10. Qxd4 b5 11. Bxf6 gxf6 12. Kb1 Qc7 13. Be2 Qc5 14. Qd2
Rb8 15. Bf3 a5 16. f5 a4 17. Ne2 b4 18. fxe6 fxe6 19. Nd4 O-O 20. Bg4 f5 21.
exf5 exf5 22. Bf3 Bd7 23. Rhe1 Bf6 24. Ne6 Bxe6 25. Rxe6 a3 26. Rxd6 Bxb2 27.
Rd7 Bg7 28. Qd5+ Qxd5 29. Bxd5+ Kh8 30. Kc1 Bh6+ 31. Kb1 Rbe8 32. Bf3 Bf4 33.
R7d4 Bxh2 34. Rxb4 Rb8 35. Rb3 Be5 36. Kc1 Bf4+ 37. Kb1 Kg7 38. Rdd3 Rfe8 39.
Rxb8 Rxb8+ 40. Rb3 Re8 41. c4 Re1+ 42. Kc2 Rc1+ 43. Kd3 Bd6 44. Rc3 Rxc3+ 45.
Kxc3 Bc5 46. Kd3 1/2-1/2

[Event "ENCI Limburg-open A"]
[Site "Maastricht"]
[Date "2008.05.10"]
[Round "2"]
[White "Mol, Christiaan"]
[Black "Tonoli, Benjamin"]
[Result "1/2-1/2"]
[WhiteElo "2007"]
[BlackElo "2190"]
[PlyCount "86"]
[EventDate "2008.05.09"]
[EventType "swiss"]
[EventRounds "7"]
[EventCountry "NED"]
[Source "P.Boonen"]
[SourceDate "2010.01.01"]

1. d4 Nf6 2. c4 e6 3. Nc3 Bb4 4. e3 c5 5. Nf3 Nc6 6. Bd3 Bxc3+ 7. bxc3 d6 8. e4
e5 9. d5 Na5 10. O-O b6 11. Bg5 h6 12. Bxf6 Qxf6 13. Nd2 g5 14. Nb3 Nb7 15. a4
a5 16. Nd2 Bd7 17. Rb1 Ra6 18. Rb2 Kd8 19. Nb1 Kc7 20. Na3 Nd8 21. Nb5+ Kb7 22.
Be2 Qe7 23. Bg4 f6 24. Qf3 Bxg4 25. Qxg4 Rg8 26. Na3 Kc7 27. Rfb1 Rg7 28. Nc2
Qf7 29. Ne3 h5 30. Qe2 Rh7 31. Rb5 Kb7 32. Nf5 Qd7 33. Qb2 Qc7 34. Qd2 Nf7 35.
Qd1 Nh6 36. Nxh6 Rxh6 37. Qf3 Qd7 38. Qe2 h4 39. Qb2 Qc7 40. Qe2 Rh7 41. Qg4
Qd7 42. Qxd7+ Rxd7 43. g4 Kc7 1/2-1/2

[Event "ENCI Limburg-open A"]
[Site "Maastricht"]
[Date "2008.05.10"]
[Round "2"]
[White "Monroy, Charles"]
[Black "Edeling, Jeroen"]
[Result "1/2-1/2"]
[WhiteElo "2399"]
[BlackElo "2133"]
[PlyCount "83"]
[EventDate "2008.05.09"]
[EventType "swiss"]
[EventRounds "7"]
[EventCountry "NED"]
[Source "P.Boonen"]
[SourceDate "2010.01.01"]

1. Nf3 g6 2. e4 Bg7 3. d4 d6 4. Nc3 Nf6 5. h3 O-O 6. Be3 c6 7. Bd3 Nbd7 8. O-O
e5 9. Qd2 Re8 10. dxe5 dxe5 11. b4 Bf8 12. Rfb1 a5 13. b5 Nc5 14. Qe2 Nh5 15.
Bc4 Nf4 16. Qf1 Qf6 17. Nd2 g5 18. f3 h5 19. Qf2 Nce6 20. bxc6 bxc6 21. Na4 Nd4
22. Nb3 Nxb3 23. axb3 g4 24. Nb6 gxf3 25. Qxf3 Nxh3+ 26. Kh2 Nf4 27. Nxc8 Rexc8
28. g3 Nd5 29. Qe2 Nxe3 30. Qxe3 Bh6 31. Rf1 Bxe3 32. Rxf6 Rc7 33. Raf1 Raa7
34. Kh3 Kg7 35. Kh4 a4 36. bxa4 Rxa4 37. Bxf7 Rxe4+ 38. Kxh5 Bf4 39. Rg6+ Kxf7
40. gxf4 exf4 41. Rh6 Rc8 42. Kg4 1/2-1/2

[Event "ENCI Limburg-open A"]
[Site "Maastricht"]
[Date "2008.05.10"]
[Round "2"]
[White "Nabuurs, Joep"]
[Black "Swinkels, Robin"]
[Result "0-1"]
[WhiteElo "2205"]
[BlackElo "2448"]
[PlyCount "66"]
[EventDate "2008.05.09"]
[EventType "swiss"]
[EventRounds "7"]
[EventCountry "NED"]
[Source "P.Boonen"]
[SourceDate "2010.01.01"]

1. e4 c5 2. Nf3 d6 3. d4 cxd4 4. Nxd4 Nf6 5. Nc3 Nc6 6. h3 Nxd4 7. Qxd4 g6 8.
Nd5 Bg7 9. Bg5 O-O 10. Bxf6 exf6 11. O-O-O f5 12. Qb4 a5 13. Qb6 fxe4 14. Nc7
Rb8 15. Rxd6 Qe7 16. Bc4 Be5 17. Rhd1 Bxd6 18. Rxd6 Qg5+ 19. Kb1 Qxg2 20. a3
Kg7 21. Qd4+ Kh6 22. Rf6 Bf5 23. Nd5 Rbd8 24. Qb6 Be6 25. Qe3+ Kg7 26. Rxe6
fxe6 27. Nf4 Rxf4 28. Qxf4 Rf8 29. Qe5+ Kh6 30. Bxe6 Rxf2 31. Qh8 Qg5 32. Bg8
Qe7 33. Qd4 e3 0-1